Zbierka nálezov a uznesení Ústavného súdu Slovenskej republiky 1993-1994

Bibliographic Details
Corporate Author: Slovensko. Ústavný súd (Author)
Other Authors: Ogurčák, Štefan, 1948-
Format: Book
Language:Slovak
PhysicalDescription:270 s. 22 cm
Published: Košice Ústavný súd Slovenskej republiky 1995
ISBN:8096739603
Subjects:

MARC

LEADER 00000cam a2200000 a 4500
001 vtls001059483
003 SK-MaSNL
005 20260425224606.0
008 231120s1995 xo f av 10000 slo
020 |a 8096739603  |q (viaz.) 
035 |a SNK000002302 
035 |a urn:nbn:sk:snk-amjr8t 
035 |a urn:nbn:sk:snk:ar-a0cr9p 
035 |a 6fe68f86-7150-4c81-9d59-9a7f70cee5fe 
040 |a SNK  |b slo  |c SNK  |e AACR2 
041 0 |a slo  |b eng  |b fre 
044 |a xo 
072 7 |a 342  |x Ústavné právo. Správne právo  |2 konspekt 
080 |a 342  |2 1997 
080 |a 347.951  |2 1997 
080 |a 347.99  |2 1997 
080 |a (437.6)  |2 1997 
080 |a (094.9)  |2 1997 
080 |a 342.565.2  |2 1997 
110 1 |a Slovensko.  |b Ústavný súd  |4 aut  |9 17010 
245 1 0 |a Zbierka nálezov a uznesení Ústavného súdu Slovenskej republiky 1993-1994  |c [redakcia: Štefan Ogurčák ... [et al.] ] 
260 |a Košice  |b Ústavný súd Slovenskej republiky  |c 1995 
300 |a 270 s.  |c 22 cm 
500 |a Predslov v angl. a franc. 
610 1 7 |a Slovensko.  |b Ústavný súd  |2 SNKKA  |9 17010 
648 7 |a 1993-1994  |2 SNKPH  |9 284607 
650 0 7 |a ústavné právo  |2 SNKPH  |9 2256 
650 0 7 |a ústavné súdnictvo  |2 SNKPH  |9 2633 
650 0 7 |a súdne nálezy a uznesenia  |2 SNKPH  |9 4639 
650 0 7 |a súdy  |2 SNKPH  |9 4646 
651 7 |a Slovensko  |2 SNKPHgeo  |9 14231 
655 7 |a zborníky konferencií  |2 SNKPH  |9 70153 
655 7 |a issue_zb  |2 SNK  |9 276493 
700 1 |a Ogurčák, Štefan,  |d 1948-  |9 201389 
700 1 |a Mazák, Ján,  |d 1954-  |4 red  |9 109435 
700 1 |a Klučka, Ján,  |d 1951-  |4 red  |9 107147 
700 1 |a Černák, Július  |4 red  |9 375189 
700 1 |a Rapant, Richard  |4 red  |9 5200 
700 1 |a Seemann, Miloš  |4 red  |9 278854 
919 |a 80-967396-0-3 
954 |a odborná, vedecká literatúra pôvodná (slovenská)  |2 lita 
958 |a ART 
958 |a OND 
958 |a EUIPO 
999 |c 618049  |d 619979 
952 |a SNK  |b SNK  |y PREZ  |7 0  |p 17A0474257  |o snkSC 121022  |i snk2005/14402  |8 1  |0 0  |1 0  |4 0  |d 2005-08-17  |l 0  |r 2025-05-30 00:00:00  |w 2026-02-23 
952 |t snkZBI/1993-1994 347.99  |a SNKUST  |b SNKUST  |y PREZ  |7 0  |p 17A1091386  |o snkSC 121022 D1  |i snk2013/25945  |8 5  |0 0  |1 0  |4 0  |d 2013-10-25  |l 0  |r 2025-05-29 00:00:00  |w 2026-02-23